Energy efficient building guidelines for non-engineered buildings in Gilgit Baltistan and Chitral Region of Pakistan. (Record no. 353959)

000 -LEADER
fixed length control field 00866nam a22002297a 4500
003 - CONTROL NUMBER IDENTIFIER
control field OSt
005 - DATE AND TIME OF LATEST TRANSACTION
control field 20180116192422.0
008 - FIXED-LENGTH DATA ELEMENTS--GENERAL INFORMATION
fixed length control field 140625t xxu||||| |||| 00| 0 eng d
040 ## - CATALOGING SOURCE
Transcribing agency sada
082 ## - DEWEY DECIMAL CLASSIFICATION NUMBER
Edition number 21
Classification number 693.83
Author Mark AGA
110 0# - MAIN ENTRY--CORPORATE NAME
Corporate name or jurisdiction name as entry element Aga Khan Planning and Building Service Pakistan.
9 (RLIN) 7569
245 10 - TITLE STATEMENT
Title Energy efficient building guidelines for non-engineered buildings in Gilgit Baltistan and Chitral Region of Pakistan.
260 ## - PUBLICATION, DISTRIBUTION, ETC.
Place of publication, distribution, etc. S.L :
Name of publisher, distributor, etc. S.N,
Date of publication, distribution, etc. 2013.
300 ## - PHYSICAL DESCRIPTION
Extent 19 p.;ill.
650 10 - SUBJECT ADDED ENTRY--TOPICAL TERM
Topical term or geographic name entry element Energy efficient buildings
Source of heading or term LCSH
Topical term following geographic name entry element Himalayas.
9 (RLIN) 7570
710 1# - ADDED ENTRY--CORPORATE NAME
Corporate name or jurisdiction name as entry element United Nations Development Programme. (UNDP)
9 (RLIN) 7571
710 1# - ADDED ENTRY--CORPORATE NAME
Corporate name or jurisdiction name as entry element Global Environment facility. (GEF)
9 (RLIN) 7572
710 1# - ADDED ENTRY--CORPORATE NAME
Corporate name or jurisdiction name as entry element AGA Khan foundation. (Pakistan)
9 (RLIN) 7573
710 1# - ADDED ENTRY--CORPORATE NAME
Corporate name or jurisdiction name as entry element Ministry of Environment Government of Pakistan.
9 (RLIN) 7574
710 1# - ADDED ENTRY--CORPORATE NAME
Corporate name or jurisdiction name as entry element Government of Gilgat Baltistan.
9 (RLIN) 7575
942 ## - ADDED ENTRY ELEMENTS (KOHA)
Source of classification or shelving scheme
Koha item type Book
Holdings
Withdrawn status Lost status Source of classification or shelving scheme Damaged status Not for loan Permanent Location Current Location Date acquired Total Checkouts Full call number Barcode Date last seen Cost, replacement price Price effective from Koha item type Date last checked out
          School of Art Design and Architecture (SADA) School of Art Design and Architecture (SADA) 06/20/2014   693.83 AGA 2010 SADA0002311 06/25/2014 0.00 06/25/2014 Book  
          School of Art Design and Architecture (SADA) School of Art Design and Architecture (SADA) 06/20/2014 1 693.83 AGA 2010 SADA0002312 09/18/2025 0.00 06/25/2014 Book 09/08/2025
© 2023 Central Library, National University of Sciences and Technology. All Rights Reserved.